Crónica de la prensa salvadoreña: imaginarios que migran /
Uloženo v:
| Hlavní autor: | |
|---|---|
| Médium: | Text |
| Témata: | |
| Tagy: |
Přidat tag
Žádné tagy, Buďte první, kdo vytvoří štítek k tomuto záznamu!
|
MARC
| LEADER | 00000 a a2200000 04500 | ||
|---|---|---|---|
| 001 | 6946 | ||
| 003 | |||
| 040 | |||
| 100 | |a Marroquín Parducci, Amparo | ||
| 245 | |a Crónica de la prensa salvadoreña: |b imaginarios que migran / |c Amparo Marroquín Parducci | ||
| 650 | |a MIGRACION | ||
| 650 | |a PRENSA | ||
| 650 | |a CULTURA | ||
| 650 | |a EL SALVADOR | ||
| 773 | |g volumen 40, número 80; páginas 23-45 | ||
| 999 | |c 23292 |d 23292 | ||
